| 000 | 00781cab a2200277 4500 | ||
|---|---|---|---|
| 001 | ABS45752 | ||
| 008 | 090401t1991 xxu||||| |||| 00| 0 eng d | ||
| 035 | _a(Sirsi) u54897 | ||
| 041 | _aeng | ||
| 100 | _aBate, R. | ||
| 245 | _aNo hiding place | ||
| 260 | _c1991 | ||
| 350 | _a0 | ||
| 490 |
_aMineral Planning _v(49) December 1991, 8-10(3) |
||
| 520 | _aDemonstrates how the new enforcement measures in Planning and Compensation Act 1991 will affect mineral planning. | ||
| 650 | _aBREACHES OF CONDITION | ||
| 650 | _aENFORCEMENT NOTICES | ||
| 650 | _aMINERAL PLANNING | ||
| 650 | _aMPG4 | ||
| 650 | _aPLANNING CONTROL | ||
| 650 | _aSTOP NOTICES | ||
| 690 | _aMINING AND MINERALS | ||
| 690 | _aPLANNING LAW AND PRACTICE | ||
| 942 | _n0 | ||
| 948 | _c04/03/1997 | ||
| 999 |
_c33628 _d33628 |
||